000 01007cam a2200277Ia 4500
001 624414159
003 OCoLC
005 20220322063721.0
008 100517s2011 enka b 001 0 eng
020 _a9780596802356 (pbk.)
020 _a0596802358 (pbk.)
035 _a(OCoLC)624414159
_z(OCoLC)609544357
040 _aUKM
_cUKM
_dBTCTA
_dYDXCP
_dVP@
_dBWX
_dHCO
_dCDX
_dIXA
_dIUL
_dEXN
049 _aEXNW
050 1 4 _aQA76.9.D343
_bJ354 2011
082 0 4 _a006.312
_222
100 1 _aJanert, Philipp K.
245 1 0 _aData analysis with open source tools /
_cPhilipp K. Janert.
260 _aSebastopol, CA :
_bO'Reilly,
_c2011.
300 _axviii, 509 p. :
_bill. ;
_c24 cm.
504 _aIncludes bibliographical references and index.
520 _aProvides information on the techniques of data analysis using a variety of open source tools.
650 0 _aData mining
_xComputer programs.
650 0 _aOpen source software.
942 _2lcc
_cBOOK
_hQA 76.9 .D343
_iJ354 2011
999 _c23351
_d23351